000
00254nam a2200109Ia 4500
999
_c
6995
_d
6995
020
_a
978-0072892383
100
_a
Webster,Allen L.
245
0
_a
Applied Statistics for Business and Economics
260
_a
USA
_b
Pearson
_c
1995
300
_a
1047
942
_c
BK